<?xml version="1.0" encoding="UTF-8"?>
<record
    xmlns:xsi="http://www.w3.org/2001/XMLSchema-instance"
    xsi:schemaLocation="http://www.loc.gov/MARC21/slim http://www.loc.gov/standards/marcxml/schema/MARC21slim.xsd"
    xmlns="http://www.loc.gov/MARC21/slim">

  <leader>02945cam a2200385 i 4500</leader>
  <controlfield tag="003">PE-LiUPU</controlfield>
  <controlfield tag="005">20251230073535.0</controlfield>
  <controlfield tag="008">2201    s2022    pe a    rb    000 0 spa d</controlfield>
  <datafield tag="020" ind1=" " ind2=" ">
    <subfield code="a">9786123252373</subfield>
  </datafield>
  <datafield tag="035" ind1=" " ind2=" ">
    <subfield code="a">PE-LiUPU00044</subfield>
  </datafield>
  <datafield tag="040" ind1=" " ind2=" ">
    <subfield code="a">PE-LiUPU</subfield>
    <subfield code="b">spa</subfield>
    <subfield code="c">PE-LiUPU</subfield>
    <subfield code="e">rda</subfield>
  </datafield>
  <datafield tag="082" ind1="0" ind2="4">
    <subfield code="a">341.4</subfield>
    <subfield code="b">T314</subfield>
    <subfield code="2">23</subfield>
  </datafield>
  <datafield tag="090" ind1=" " ind2=" ">
    <subfield code="a">341.4</subfield>
    <subfield code="b">V37t</subfield>
  </datafield>
  <datafield tag="245" ind1="1" ind2="3">
    <subfield code="a">La teor&#xED;a de la argumentaci&#xF3;n en sus textos :</subfield>
    <subfield code="b">una antolog&#xED;a /</subfield>
    <subfield code="c">editado por Luis Vega Re&#xF1;&#xF3;n.</subfield>
  </datafield>
  <datafield tag="250" ind1=" " ind2=" ">
    <subfield code="a">Primera edici&#xF3;n.</subfield>
  </datafield>
  <datafield tag="264" ind1=" " ind2="1">
    <subfield code="a">Lima :</subfield>
    <subfield code="b">Palestra Editores,</subfield>
    <subfield code="c">2022.</subfield>
  </datafield>
  <datafield tag="264" ind1=" " ind2="3">
    <subfield code="a">Impreso en el Per&#xFA;.</subfield>
  </datafield>
  <datafield tag="300" ind1=" " ind2=" ">
    <subfield code="a">460 p&#xE1;ginas ;</subfield>
    <subfield code="c">20.5 cm</subfield>
  </datafield>
  <datafield tag="336" ind1=" " ind2=" ">
    <subfield code="a">text</subfield>
    <subfield code="2">rdacontent</subfield>
  </datafield>
  <datafield tag="337" ind1=" " ind2=" ">
    <subfield code="a">unmediated</subfield>
    <subfield code="2">rdamedia</subfield>
  </datafield>
  <datafield tag="338" ind1=" " ind2=" ">
    <subfield code="a">volume</subfield>
    <subfield code="2">rdacarrier</subfield>
  </datafield>
  <datafield tag="490" ind1="0" ind2=" ">
    <subfield code="a">Derecho &amp; argumentaci&#xF3;n ;</subfield>
    <subfield code="v">19</subfield>
  </datafield>
  <datafield tag="500" ind1=" " ind2=" ">
    <subfield code="a">Antolog&#xED;a de textos fundamentales para el estudio de la teor&#xED;a de la argumentaci&#xF3;n.</subfield>
  </datafield>
  <datafield tag="504" ind1=" " ind2=" ">
    <subfield code="a">Incluye referencias bibliogr&#xE1;ficas.</subfield>
  </datafield>
  <datafield tag="505" ind1=" " ind2=" ">
    <subfield code="a">Pensar por sistemas, y pensar por ideas para tener en cuenta -- Pensar por sistemas, y pensar por ideas para tener en cuenta -- Falacias -- Los argumentadores como amantes -- Los conceptos de argumento y argumentar -- Tres perspectivas de la argumentaci&#xF3;n: ret&#xF3;rica, dial&#xE9;ctica, l&#xF3;gica -- Las esferas personal, t&#xE9;cnica y p&#xFA;blica de la argumentaci&#xF3;n: una investigaci&#xF3;n especulativa en el arte de la deliberaci&#xF3;n p&#xFA;blica -- Solo los hechos, se&#xF1;ora: L&#xF3;gica informal, g&#xE9;nero y pedagog&#xED;a -- La argumentaci&#xF3;n es una guerra... y la guerra es un infierno: Filosof&#xED;a, educaci&#xF3;n y met&#xE1;foras para la argumentaci&#xF3;n -- Hacia una teor&#xED;a de la argumentaci&#xF3;n visual -- L&#xF3;gica informal: Una panor&#xE1;mica -- El desarrollo del enfoque pragma-dial&#xE9;ctico de la argumentaci&#xF3;n -- Por qu&#xE9; hacerlo bien si se trata de argumentar -- Los estudios de la argumentaci&#xF3;n en la estela de la nueva ret&#xF3;rica -- La l&#xF3;gica de los desacuerdos profundos -- La argumentaci&#xF3;n en cuanto pr&#xE1;ctica -- La teor&#xED;a argumentativa: predicciones y resultados emp&#xED;ricos.</subfield>
  </datafield>
  <datafield tag="520" ind1=" " ind2=" ">
    <subfield code="a">Obra que re&#xFA;ne textos cl&#xE1;sicos y contempor&#xE1;neos que han contribuido a la conformaci&#xF3;n y desarrollo de la teor&#xED;a de la argumentaci&#xF3;n como campo de estudio. La antolog&#xED;a permite revisar los fundamentos conceptuales, metodol&#xF3;gicos y cr&#xED;ticos del an&#xE1;lisis argumentativo, ofreciendo un panorama sistem&#xE1;tico de los debates que han marcado la consolidaci&#xF3;n acad&#xE9;mica de la argumentaci&#xF3;n en el &#xE1;mbito jur&#xED;dico y filos&#xF3;fico, as&#xED; como su proyecci&#xF3;n en la cultura argumentativa de habla hispana.</subfield>
  </datafield>
  <datafield tag="650" ind1=" " ind2="4">
    <subfield code="a">Argumentaci&#xF3;n jur&#xED;dica.</subfield>
  </datafield>
  <datafield tag="650" ind1=" " ind2="4">
    <subfield code="a">Interpretaci&#xF3;n y aplicaci&#xF3;n del derecho.</subfield>
  </datafield>
  <datafield tag="650" ind1=" " ind2="4">
    <subfield code="a">L&#xF3;gica jur&#xED;dica.</subfield>
  </datafield>
  <datafield tag="700" ind1="1" ind2=" ">
    <subfield code="a">Vega Re&#xF1;&#xF3;n, Luis,</subfield>
    <subfield code="e">editor.</subfield>
  </datafield>
  <datafield tag="856" ind1="4" ind2="0">
    <subfield code="u">https://palestraeditores.com</subfield>
    <subfield code="z">Sitio web de la editorial.</subfield>
  </datafield>
  <datafield tag="942" ind1=" " ind2=" ">
    <subfield code="2">ddc</subfield>
    <subfield code="c">BK</subfield>
  </datafield>
  <datafield tag="980" ind1=" " ind2=" ">
    <subfield code="6">18228</subfield>
    <subfield code="a">Rebeca Esther Huerta Leyton</subfield>
    <subfield code="8">18226</subfield>
    <subfield code="g">Jaime Vilcaz&#xE1;n Jefe de An&#xE1;lisis Documental</subfield>
  </datafield>
  <datafield tag="999" ind1=" " ind2=" ">
    <subfield code="c">63207</subfield>
    <subfield code="d">63206</subfield>
  </datafield>
  <datafield tag="952" ind1=" " ind2=" ">
    <subfield code="r">2026-01-06 12:24:18</subfield>
    <subfield code="l">0</subfield>
    <subfield code="o">341.4 T314</subfield>
    <subfield code="p">82953</subfield>
    <subfield code="t">e1</subfield>
    <subfield code="v">33.22</subfield>
    <subfield code="w">2025-12-22</subfield>
    <subfield code="x">FACIHED</subfield>
    <subfield code="y">BK</subfield>
    <subfield code="1">0</subfield>
    <subfield code="2">ddc</subfield>
    <subfield code="5">0</subfield>
    <subfield code="7">0</subfield>
    <subfield code="8">GEN</subfield>
    <subfield code="f">P143</subfield>
    <subfield code="a">BUL</subfield>
    <subfield code="b">BUL</subfield>
    <subfield code="c">GEN</subfield>
    <subfield code="d">2025-12-19</subfield>
    <subfield code="e">Palestra Editores S.A.C</subfield>
    <subfield code="g">28.22</subfield>
  </datafield>
  <datafield tag="952" ind1=" " ind2=" ">
    <subfield code="r">2026-03-26 18:59:04</subfield>
    <subfield code="l">1</subfield>
    <subfield code="o">341.4 T314</subfield>
    <subfield code="p">82954</subfield>
    <subfield code="s">2026-03-20</subfield>
    <subfield code="t">e2</subfield>
    <subfield code="v">33.22</subfield>
    <subfield code="w">2025-12-22</subfield>
    <subfield code="x">FACIHED</subfield>
    <subfield code="y">BK</subfield>
    <subfield code="1">0</subfield>
    <subfield code="2">ddc</subfield>
    <subfield code="5">0</subfield>
    <subfield code="7">0</subfield>
    <subfield code="8">GEN</subfield>
    <subfield code="f">P143</subfield>
    <subfield code="a">BUL</subfield>
    <subfield code="b">BUL</subfield>
    <subfield code="c">GEN</subfield>
    <subfield code="d">2025-12-19</subfield>
    <subfield code="e">Palestra Editores S.A.C</subfield>
    <subfield code="g">28.22</subfield>
  </datafield>
</record>
